<?xml version="1.0" encoding="UTF-8"?><marc:collection xmlns:marc="http://www.loc.gov/MARC21/slim">
  <marc:record>
    <marc:leader>05916cam a22008772c 4500</marc:leader>
    <marc:controlfield tag="001">519842324</marc:controlfield>
    <marc:controlfield tag="003">DE-603</marc:controlfield>
    <marc:controlfield tag="005">20240712230633.0</marc:controlfield>
    <marc:controlfield tag="007">cr |||||||||||</marc:controlfield>
    <marc:controlfield tag="008">240712s2023    xx |||| o|   u00| u|ger  </marc:controlfield>
    <marc:datafield tag="015" ind1=" " ind2=" ">
      <marc:subfield code="a">24,O07</marc:subfield>
      <marc:subfield code="2">dnb</marc:subfield>
    </marc:datafield>
    <marc:datafield tag="016" ind1="7" ind2=" ">
      <marc:subfield code="2">DE-101</marc:subfield>
      <marc:subfield code="a">1331466377</marc:subfield>
    </marc:datafield>
    <marc:datafield tag="024" ind1="7" ind2=" ">
      <marc:subfield code="a">10.4126/FRL01-006461895</marc:subfield>
      <marc:subfield code="2">doi</marc:subfield>
    </marc:datafield>
    <marc:datafield tag="024" ind1="7" ind2=" ">
      <marc:subfield code="a">urn:nbn:de:bvb:384-opus4-1131947</marc:subfield>
      <marc:subfield code="2">urn</marc:subfield>
    </marc:datafield>
    <marc:datafield tag="035" ind1=" " ind2=" ">
      <marc:subfield code="a">(DE-599)DNB1331466377</marc:subfield>
    </marc:datafield>
    <marc:datafield tag="040" ind1=" " ind2=" ">
      <marc:subfield code="a">DE-603</marc:subfield>
      <marc:subfield code="b">ger</marc:subfield>
      <marc:subfield code="c">DE-603</marc:subfield>
      <marc:subfield code="d">DE-603</marc:subfield>
    </marc:datafield>
    <marc:datafield tag="041" ind1=" " ind2=" ">
      <marc:subfield code="a">ger</marc:subfield>
    </marc:datafield>
    <marc:datafield tag="082" ind1="7" ind2=" ">
      <marc:subfield code="8">3\p</marc:subfield>
      <marc:subfield code="a">610.28</marc:subfield>
      <marc:subfield code="2">23kdnb</marc:subfield>
    </marc:datafield>
    <marc:datafield tag="084" ind1=" " ind2=" ">
      <marc:subfield code="a">610</marc:subfield>
      <marc:subfield code="q">DE-101</marc:subfield>
      <marc:subfield code="2">sdnb</marc:subfield>
    </marc:datafield>
    <marc:datafield tag="100" ind1="1" ind2=" ">
      <marc:subfield code="a">Intemann, Timm</marc:subfield>
      <marc:subfield code="e">Verfasser</marc:subfield>
      <marc:subfield code="4">aut</marc:subfield>
    </marc:datafield>
    <marc:datafield tag="245" ind1="1" ind2="0">
      <marc:subfield code="a">White Paper - Verbesserung des Record Linkage für die Gesundheitsforschung in Deutschland</marc:subfield>
      <marc:subfield code="c">Timm Intemann, Knut Kaulke, Dennis-Kenji Kipker, Vanessa Lettieri, Christoph Stallmann, Carsten O. Schmidt, Lars Geidel, Martin Bialke, Christopher Hampf, Dana Stahl, Martin Lablans, Martin Franke, Klaus Peter Kraywinkel, Joachim Kieschke, Sebastian Bartholomäus, Anatol-Fiete Näher, Galina Temper, Mohamed Lambarki, Stefanie March, Fabian Prasser, Anna Christine Haber, Johannes Drepper, Irene Schlünder, Toralf Kirsten, Iris Pigeot, Ulrich Sax, Benedikt Buchner, Wolfgang Ahrens, Sebastian Claudius Semler ; Herausgeber: Knut Kaulke, Iris Pigeot, Wolfgang Ahrens, Sebastian Claudius Semler</marc:subfield>
    </marc:datafield>
    <marc:datafield tag="264" ind1=" " ind2="1">
      <marc:subfield code="a">Augsburg</marc:subfield>
      <marc:subfield code="b">Universität Augsburg</marc:subfield>
      <marc:subfield code="c">2023</marc:subfield>
    </marc:datafield>
    <marc:datafield tag="300" ind1=" " ind2=" ">
      <marc:subfield code="a">1 Online-Ressource</marc:subfield>
    </marc:datafield>
    <marc:datafield tag="336" ind1=" " ind2=" ">
      <marc:subfield code="a">Text</marc:subfield>
      <marc:subfield code="b">txt</marc:subfield>
      <marc:subfield code="2">rdacontent</marc:subfield>
    </marc:datafield>
    <marc:datafield tag="337" ind1=" " ind2=" ">
      <marc:subfield code="a">Computermedien</marc:subfield>
      <marc:subfield code="b">c</marc:subfield>
      <marc:subfield code="2">rdamedia</marc:subfield>
    </marc:datafield>
    <marc:datafield tag="338" ind1=" " ind2=" ">
      <marc:subfield code="a">Online-Ressource</marc:subfield>
      <marc:subfield code="b">cr</marc:subfield>
      <marc:subfield code="2">rdacarrier</marc:subfield>
    </marc:datafield>
    <marc:datafield tag="500" ind1=" " ind2=" ">
      <marc:subfield code="a">In: Köln : nfdi4health</marc:subfield>
    </marc:datafield>
    <marc:datafield tag="583" ind1="1" ind2=" ">
      <marc:subfield code="a">Archivierung/Langzeitarchivierung gewährleistet</marc:subfield>
      <marc:subfield code="5">DE-101</marc:subfield>
      <marc:subfield code="2">pdager</marc:subfield>
    </marc:datafield>
    <marc:datafield tag="650" ind1=" " ind2="7">
      <marc:subfield code="8">1\p</marc:subfield>
      <marc:subfield code="a">Datenschutz</marc:subfield>
      <marc:subfield code="0">(DE-588)4011134-9</marc:subfield>
      <marc:subfield code="0">(DE-603)085022527</marc:subfield>
      <marc:subfield code="2">gnd</marc:subfield>
    </marc:datafield>
    <marc:datafield tag="651" ind1=" " ind2="7">
      <marc:subfield code="8">2\p</marc:subfield>
      <marc:subfield code="a">Deutschland</marc:subfield>
      <marc:subfield code="0">(DE-588)4011882-4</marc:subfield>
      <marc:subfield code="0">(DE-603)085025550</marc:subfield>
      <marc:subfield code="2">gnd</marc:subfield>
    </marc:datafield>
    <marc:datafield tag="700" ind1="1" ind2=" ">
      <marc:subfield code="a">Kaulke, Knut</marc:subfield>
      <marc:subfield code="d">1977-</marc:subfield>
      <marc:subfield code="e">Verfasser</marc:subfield>
      <marc:subfield code="4">aut</marc:subfield>
      <marc:subfield code="0">(DE-603)367584298</marc:subfield>
      <marc:subfield code="0">(DE-588)1080068112</marc:subfield>
      <marc:subfield code="2">gnd</marc:subfield>
    </marc:datafield>
    <marc:datafield tag="700" ind1="1" ind2=" ">
      <marc:subfield code="a">Kipker, Dennis-Kenji</marc:subfield>
      <marc:subfield code="d">1987-</marc:subfield>
      <marc:subfield code="e">Verfasser</marc:subfield>
      <marc:subfield code="4">aut</marc:subfield>
      <marc:subfield code="0">(DE-603)366496158</marc:subfield>
      <marc:subfield code="0">(DE-588)1078867895</marc:subfield>
      <marc:subfield code="2">gnd</marc:subfield>
    </marc:datafield>
    <marc:datafield tag="700" ind1="1" ind2=" ">
      <marc:subfield code="a">Lettieri, Vanessa</marc:subfield>
      <marc:subfield code="e">Verfasser</marc:subfield>
      <marc:subfield code="4">aut</marc:subfield>
    </marc:datafield>
    <marc:datafield tag="700" ind1="1" ind2=" ">
      <marc:subfield code="a">Stallmann, Christoph</marc:subfield>
      <marc:subfield code="d">1981-</marc:subfield>
      <marc:subfield code="e">Verfasser</marc:subfield>
      <marc:subfield code="4">aut</marc:subfield>
      <marc:subfield code="0">(DE-603)439187370</marc:subfield>
      <marc:subfield code="0">(DE-588)1172101299</marc:subfield>
      <marc:subfield code="2">gnd</marc:subfield>
    </marc:datafield>
    <marc:datafield tag="700" ind1="1" ind2=" ">
      <marc:subfield code="a">Schmidt, Carsten O.</marc:subfield>
      <marc:subfield code="e">Verfasser</marc:subfield>
      <marc:subfield code="4">aut</marc:subfield>
    </marc:datafield>
    <marc:datafield tag="700" ind1="1" ind2=" ">
      <marc:subfield code="a">Geidel, Lars</marc:subfield>
      <marc:subfield code="e">Verfasser</marc:subfield>
      <marc:subfield code="4">aut</marc:subfield>
    </marc:datafield>
    <marc:datafield tag="700" ind1="1" ind2=" ">
      <marc:subfield code="a">Bialke, Martin</marc:subfield>
      <marc:subfield code="e">Verfasser</marc:subfield>
      <marc:subfield code="4">aut</marc:subfield>
      <marc:subfield code="0">(DE-603)442226713</marc:subfield>
      <marc:subfield code="0">(DE-588)1177011530</marc:subfield>
      <marc:subfield code="2">gnd</marc:subfield>
    </marc:datafield>
    <marc:datafield tag="700" ind1="1" ind2=" ">
      <marc:subfield code="a">Hampf, Christopher</marc:subfield>
      <marc:subfield code="e">Verfasser</marc:subfield>
      <marc:subfield code="4">aut</marc:subfield>
    </marc:datafield>
    <marc:datafield tag="700" ind1="1" ind2=" ">
      <marc:subfield code="a">Stahl, Dana</marc:subfield>
      <marc:subfield code="e">Verfasser</marc:subfield>
      <marc:subfield code="4">aut</marc:subfield>
    </marc:datafield>
    <marc:datafield tag="700" ind1="1" ind2=" ">
      <marc:subfield code="a">Lablans, Martin</marc:subfield>
      <marc:subfield code="d">1984-</marc:subfield>
      <marc:subfield code="e">Verfasser</marc:subfield>
      <marc:subfield code="4">aut</marc:subfield>
      <marc:subfield code="0">(DE-603)362032157</marc:subfield>
      <marc:subfield code="0">(DE-588)1073897540</marc:subfield>
      <marc:subfield code="2">gnd</marc:subfield>
    </marc:datafield>
    <marc:datafield tag="700" ind1="1" ind2=" ">
      <marc:subfield code="a">Franke, Martin</marc:subfield>
      <marc:subfield code="d">1983-</marc:subfield>
      <marc:subfield code="e">Verfasser</marc:subfield>
      <marc:subfield code="4">aut</marc:subfield>
      <marc:subfield code="0">(DE-603)229342353</marc:subfield>
      <marc:subfield code="0">(DE-588)143009141</marc:subfield>
      <marc:subfield code="2">gnd</marc:subfield>
    </marc:datafield>
    <marc:datafield tag="700" ind1="1" ind2=" ">
      <marc:subfield code="a">Kraywinkel, Klaus Peter</marc:subfield>
      <marc:subfield code="d">1962-</marc:subfield>
      <marc:subfield code="e">Verfasser</marc:subfield>
      <marc:subfield code="4">aut</marc:subfield>
      <marc:subfield code="0">(DE-603)297717383</marc:subfield>
      <marc:subfield code="0">(DE-588)173544371</marc:subfield>
      <marc:subfield code="2">gnd</marc:subfield>
    </marc:datafield>
    <marc:datafield tag="700" ind1="1" ind2=" ">
      <marc:subfield code="a">Kieschke, Joachim</marc:subfield>
      <marc:subfield code="e">Verfasser</marc:subfield>
      <marc:subfield code="4">aut</marc:subfield>
    </marc:datafield>
    <marc:datafield tag="700" ind1="1" ind2=" ">
      <marc:subfield code="a">Bartholomäus, Sebastian</marc:subfield>
      <marc:subfield code="e">Verfasser</marc:subfield>
      <marc:subfield code="4">aut</marc:subfield>
    </marc:datafield>
    <marc:datafield tag="700" ind1="1" ind2=" ">
      <marc:subfield code="a">Näher, Anatol-Fiete</marc:subfield>
      <marc:subfield code="d">1982-</marc:subfield>
      <marc:subfield code="e">Verfasser</marc:subfield>
      <marc:subfield code="4">aut</marc:subfield>
      <marc:subfield code="0">(DE-603)312268092</marc:subfield>
      <marc:subfield code="0">(DE-588)1027765971</marc:subfield>
      <marc:subfield code="2">gnd</marc:subfield>
    </marc:datafield>
    <marc:datafield tag="700" ind1="1" ind2=" ">
      <marc:subfield code="a">Temper, Galina</marc:subfield>
      <marc:subfield code="e">Verfasser</marc:subfield>
      <marc:subfield code="4">aut</marc:subfield>
    </marc:datafield>
    <marc:datafield tag="700" ind1="1" ind2=" ">
      <marc:subfield code="a">Lambarki, Mohamed</marc:subfield>
      <marc:subfield code="e">Verfasser</marc:subfield>
      <marc:subfield code="4">aut</marc:subfield>
    </marc:datafield>
    <marc:datafield tag="700" ind1="1" ind2=" ">
      <marc:subfield code="a">March, Stefanie</marc:subfield>
      <marc:subfield code="e">Verfasser</marc:subfield>
      <marc:subfield code="4">aut</marc:subfield>
    </marc:datafield>
    <marc:datafield tag="700" ind1="1" ind2=" ">
      <marc:subfield code="a">Prasser, Fabian</marc:subfield>
      <marc:subfield code="e">Verfasser</marc:subfield>
      <marc:subfield code="4">aut</marc:subfield>
    </marc:datafield>
    <marc:datafield tag="700" ind1="1" ind2=" ">
      <marc:subfield code="a">Haber, Anna Christine</marc:subfield>
      <marc:subfield code="e">Verfasser</marc:subfield>
      <marc:subfield code="4">aut</marc:subfield>
    </marc:datafield>
    <marc:datafield tag="700" ind1="1" ind2=" ">
      <marc:subfield code="a">Drepper, Johannes</marc:subfield>
      <marc:subfield code="e">Verfasser</marc:subfield>
      <marc:subfield code="4">aut</marc:subfield>
    </marc:datafield>
    <marc:datafield tag="700" ind1="1" ind2=" ">
      <marc:subfield code="a">Schlünder, Irene</marc:subfield>
      <marc:subfield code="e">Verfasser</marc:subfield>
      <marc:subfield code="4">aut</marc:subfield>
    </marc:datafield>
    <marc:datafield tag="700" ind1="1" ind2=" ">
      <marc:subfield code="a">Kirsten, Toralf</marc:subfield>
      <marc:subfield code="e">Verfasser</marc:subfield>
      <marc:subfield code="4">aut</marc:subfield>
    </marc:datafield>
    <marc:datafield tag="700" ind1="1" ind2=" ">
      <marc:subfield code="a">Pigeot, Iris</marc:subfield>
      <marc:subfield code="d">1960-</marc:subfield>
      <marc:subfield code="e">Verfasser</marc:subfield>
      <marc:subfield code="4">aut</marc:subfield>
      <marc:subfield code="0">(DE-603)288117328</marc:subfield>
      <marc:subfield code="0">(DE-588)172308437</marc:subfield>
      <marc:subfield code="2">gnd</marc:subfield>
    </marc:datafield>
    <marc:datafield tag="700" ind1="1" ind2=" ">
      <marc:subfield code="a">Sax, Ulrich</marc:subfield>
      <marc:subfield code="d">1969-</marc:subfield>
      <marc:subfield code="e">Verfasser</marc:subfield>
      <marc:subfield code="4">aut</marc:subfield>
      <marc:subfield code="0">(DE-603)155553216</marc:subfield>
      <marc:subfield code="0">(DE-588)124968163</marc:subfield>
      <marc:subfield code="2">gnd</marc:subfield>
    </marc:datafield>
    <marc:datafield tag="700" ind1="1" ind2=" ">
      <marc:subfield code="a">Buchner, Benedikt</marc:subfield>
      <marc:subfield code="d">1970-</marc:subfield>
      <marc:subfield code="e">Verfasser</marc:subfield>
      <marc:subfield code="4">aut</marc:subfield>
      <marc:subfield code="0">(DE-603)183271106</marc:subfield>
      <marc:subfield code="0">(DE-588)132422026</marc:subfield>
      <marc:subfield code="2">gnd</marc:subfield>
    </marc:datafield>
    <marc:datafield tag="700" ind1="1" ind2=" ">
      <marc:subfield code="a">Ahrens, Wolfgang</marc:subfield>
      <marc:subfield code="d">1955-</marc:subfield>
      <marc:subfield code="e">Verfasser</marc:subfield>
      <marc:subfield code="4">aut</marc:subfield>
      <marc:subfield code="0">(DE-603)208181113</marc:subfield>
      <marc:subfield code="0">(DE-588)137021593</marc:subfield>
      <marc:subfield code="2">gnd</marc:subfield>
    </marc:datafield>
    <marc:datafield tag="700" ind1="1" ind2=" ">
      <marc:subfield code="a">Semler, Sebastian Claudius</marc:subfield>
      <marc:subfield code="d">1967-</marc:subfield>
      <marc:subfield code="e">Verfasser</marc:subfield>
      <marc:subfield code="4">aut</marc:subfield>
      <marc:subfield code="0">(DE-603)161277578</marc:subfield>
      <marc:subfield code="0">(DE-588)131205757</marc:subfield>
      <marc:subfield code="2">gnd</marc:subfield>
    </marc:datafield>
    <marc:datafield tag="856" ind1="4" ind2="0">
      <marc:subfield code="u">https://doi.org/10.4126/FRL01-006461895</marc:subfield>
      <marc:subfield code="x">Resolving-System</marc:subfield>
    </marc:datafield>
    <marc:datafield tag="856" ind1="4" ind2="0">
      <marc:subfield code="u">https://nbn-resolving.org/urn:nbn:de:bvb:384-opus4-1131947</marc:subfield>
      <marc:subfield code="x">Resolving-System</marc:subfield>
    </marc:datafield>
    <marc:datafield tag="856" ind1="4" ind2="0">
      <marc:subfield code="q">application/pdf</marc:subfield>
      <marc:subfield code="u">https://opus.bibliothek.uni-augsburg.de/opus4/frontdoor/index/index/docId/113194</marc:subfield>
      <marc:subfield code="x">Verlag</marc:subfield>
      <marc:subfield code="z">kostenfrei</marc:subfield>
    </marc:datafield>
    <marc:datafield tag="883" ind1="0" ind2=" ">
      <marc:subfield code="8">1\p</marc:subfield>
      <marc:subfield code="a">maschinell gebildet</marc:subfield>
      <marc:subfield code="c">0,06687</marc:subfield>
      <marc:subfield code="q">DE-101</marc:subfield>
    </marc:datafield>
    <marc:datafield tag="883" ind1="0" ind2=" ">
      <marc:subfield code="8">2\p</marc:subfield>
      <marc:subfield code="a">maschinell gebildet</marc:subfield>
      <marc:subfield code="c">0,42280</marc:subfield>
      <marc:subfield code="q">DE-101</marc:subfield>
    </marc:datafield>
    <marc:datafield tag="883" ind1="0" ind2=" ">
      <marc:subfield code="8">3\p</marc:subfield>
      <marc:subfield code="a">maschinell gebildet</marc:subfield>
      <marc:subfield code="c">0,24880</marc:subfield>
      <marc:subfield code="q">DE-101</marc:subfield>
    </marc:datafield>
    <marc:datafield tag="924" ind1="1" ind2=" ">
      <marc:subfield code="9">30</marc:subfield>
      <marc:subfield code="a">(DE-603)1266782001</marc:subfield>
      <marc:subfield code="b">DE-30</marc:subfield>
      <marc:subfield code="c">HES</marc:subfield>
      <marc:subfield code="d">d</marc:subfield>
      <marc:subfield code="k">https://opus.bibliothek.uni-augsburg.de/opus4/frontdoor/index/index/docId/113194</marc:subfield>
    </marc:datafield>
    <marc:datafield tag="924" ind1="1" ind2=" ">
      <marc:subfield code="9">946</marc:subfield>
      <marc:subfield code="a">(DE-603)126678201X</marc:subfield>
      <marc:subfield code="b">DE-946</marc:subfield>
      <marc:subfield code="c">HES</marc:subfield>
      <marc:subfield code="d">d</marc:subfield>
      <marc:subfield code="k">https://opus.bibliothek.uni-augsburg.de/opus4/frontdoor/index/index/docId/113194</marc:subfield>
    </marc:datafield>
    <marc:datafield tag="924" ind1="1" ind2=" ">
      <marc:subfield code="9">17</marc:subfield>
      <marc:subfield code="a">(DE-603)1266782028</marc:subfield>
      <marc:subfield code="b">DE-17</marc:subfield>
      <marc:subfield code="c">HES</marc:subfield>
      <marc:subfield code="d">d</marc:subfield>
      <marc:subfield code="k">https://opus.bibliothek.uni-augsburg.de/opus4/frontdoor/index/index/docId/113194</marc:subfield>
    </marc:datafield>
    <marc:datafield tag="924" ind1="1" ind2=" ">
      <marc:subfield code="9">Ds 114</marc:subfield>
      <marc:subfield code="a">(DE-603)1266782036</marc:subfield>
      <marc:subfield code="b">DE-Ds114</marc:subfield>
      <marc:subfield code="c">HES</marc:subfield>
      <marc:subfield code="d">d</marc:subfield>
      <marc:subfield code="k">https://opus.bibliothek.uni-augsburg.de/opus4/frontdoor/index/index/docId/113194</marc:subfield>
    </marc:datafield>
    <marc:datafield tag="924" ind1="1" ind2=" ">
      <marc:subfield code="9">43</marc:subfield>
      <marc:subfield code="a">(DE-603)1266782044</marc:subfield>
      <marc:subfield code="b">DE-43</marc:subfield>
      <marc:subfield code="c">HES</marc:subfield>
      <marc:subfield code="d">d</marc:subfield>
      <marc:subfield code="k">https://opus.bibliothek.uni-augsburg.de/opus4/frontdoor/index/index/docId/113194</marc:subfield>
    </marc:datafield>
    <marc:datafield tag="924" ind1="1" ind2=" ">
      <marc:subfield code="9">974</marc:subfield>
      <marc:subfield code="a">(DE-603)1266782052</marc:subfield>
      <marc:subfield code="b">DE-974</marc:subfield>
      <marc:subfield code="c">HES</marc:subfield>
      <marc:subfield code="d">d</marc:subfield>
      <marc:subfield code="k">https://opus.bibliothek.uni-augsburg.de/opus4/frontdoor/index/index/docId/113194</marc:subfield>
    </marc:datafield>
    <marc:datafield tag="924" ind1="1" ind2=" ">
      <marc:subfield code="9">66</marc:subfield>
      <marc:subfield code="a">(DE-603)1266782060</marc:subfield>
      <marc:subfield code="b">DE-66</marc:subfield>
      <marc:subfield code="c">HES</marc:subfield>
      <marc:subfield code="d">d</marc:subfield>
      <marc:subfield code="k">https://opus.bibliothek.uni-augsburg.de/opus4/frontdoor/index/index/docId/113194</marc:subfield>
    </marc:datafield>
    <marc:datafield tag="924" ind1="1" ind2=" ">
      <marc:subfield code="9">34</marc:subfield>
      <marc:subfield code="a">(DE-603)1266782079</marc:subfield>
      <marc:subfield code="b">DE-34</marc:subfield>
      <marc:subfield code="c">HES</marc:subfield>
      <marc:subfield code="d">d</marc:subfield>
      <marc:subfield code="k">https://opus.bibliothek.uni-augsburg.de/opus4/frontdoor/index/index/docId/113194</marc:subfield>
    </marc:datafield>
    <marc:datafield tag="924" ind1="1" ind2=" ">
      <marc:subfield code="9">77</marc:subfield>
      <marc:subfield code="a">(DE-603)1266782087</marc:subfield>
      <marc:subfield code="b">DE-77</marc:subfield>
      <marc:subfield code="c">HES</marc:subfield>
      <marc:subfield code="d">d</marc:subfield>
      <marc:subfield code="k">https://opus.bibliothek.uni-augsburg.de/opus4/frontdoor/index/index/docId/113194</marc:subfield>
    </marc:datafield>
    <marc:datafield tag="924" ind1="1" ind2=" ">
      <marc:subfield code="9">Bin 1</marc:subfield>
      <marc:subfield code="a">(DE-603)1266782095</marc:subfield>
      <marc:subfield code="b">DE-Bin1</marc:subfield>
      <marc:subfield code="c">HES</marc:subfield>
      <marc:subfield code="d">d</marc:subfield>
      <marc:subfield code="k">https://opus.bibliothek.uni-augsburg.de/opus4/frontdoor/index/index/docId/113194</marc:subfield>
    </marc:datafield>
    <marc:datafield tag="924" ind1="1" ind2=" ">
      <marc:subfield code="9">26</marc:subfield>
      <marc:subfield code="a">(DE-603)1266782109</marc:subfield>
      <marc:subfield code="b">DE-26</marc:subfield>
      <marc:subfield code="c">HES</marc:subfield>
      <marc:subfield code="d">d</marc:subfield>
      <marc:subfield code="k">https://opus.bibliothek.uni-augsburg.de/opus4/frontdoor/index/index/docId/113194</marc:subfield>
    </marc:datafield>
    <marc:datafield tag="924" ind1="1" ind2=" ">
      <marc:subfield code="9">4</marc:subfield>
      <marc:subfield code="a">(DE-603)1266782117</marc:subfield>
      <marc:subfield code="b">DE-4</marc:subfield>
      <marc:subfield code="c">HES</marc:subfield>
      <marc:subfield code="d">d</marc:subfield>
      <marc:subfield code="k">https://opus.bibliothek.uni-augsburg.de/opus4/frontdoor/index/index/docId/113194</marc:subfield>
    </marc:datafield>
  </marc:record>
</marc:collection>
